000 00231nmm a2200085Ia 4500
008 220120s9999||||xx |||||||||||||||||und||
100 _aTeri-2003-03
_910915
245 0 _aTeddy; terienergy data directory and year book
260 _bDelhi
999 _c138892
_d138892